|
|
|
|
| LEADER |
00000nam0a2200000 4500 |
| 001 |
30710 |
| 005 |
20231030204109.0 |
| 010 |
|
|
|a 506002203X
|
| 035 |
|
|
|a (RuTPU)RU\TPU\book\30984
|
| 035 |
|
|
|a BOOK00031061
|
| 090 |
|
|
|a 30710
|
| 100 |
|
|
|a 20011209d2001 m y0rusy50 ca
|
| 101 |
0 |
|
|a rus
|
| 102 |
|
|
|a RU
|
| 105 |
|
|
|a a j 000zy
|
| 200 |
1 |
|
|a Руководство к лабораторным работам по электрическим машинам и электроприводу
|e учебное пособие
|f М. М. Кацман
|
| 205 |
|
|
|a 2-е изд., испр.
|
| 210 |
|
|
|a Москва
|c Высшая школа
|d 2001
|
| 215 |
|
|
|a 215 с.
|c ил.
|
| 451 |
|
1 |
|0 (RuTPU)RU\TPU\book\14454
|y 5-06-002203-X
|t Руководство к лабораторным работам по электрическим машинам и электроприводу
|o учебное пособие
|f М. М. Кацман
|e 2-е изд., испр.
|c М.
|n Высшая школа
|d 2000
|p 215 с.
|a Кацман, Марк Михайлович
|
| 610 |
1 |
|
|a электрические машины
|
| 610 |
1 |
|
|a электроприводы
|
| 610 |
1 |
|
|a лабораторные работы
|
| 610 |
1 |
|
|a учебные пособия
|
| 675 |
|
|
|a 621.313(076.5)
|v 3
|
| 675 |
|
|
|a 62-83(076.5)
|v 3
|
| 700 |
|
1 |
|a Кацман
|b М. М.
|g Марк Михайлович
|
| 801 |
|
0 |
|a RU
|b 63413507
|c 20011209
|g PSBO
|
| 801 |
|
2 |
|a RU
|b 63413507
|c 20201016
|g PSBO
|
| 900 |
|
|
|a Электрические машины и электропривод
|
| 942 |
|
|
|c BK
|
| 952 |
|
|
|a 551300
|b 120100
|